| 000 | 00480nam a22001457a 4500 | ||
|---|---|---|---|
| 005 | 20250721113655.0 | ||
| 008 | 250721b |||||||| |||| 00| 0 eng d | ||
| 050 |
_aRES HF 5549. K66 2014 _bC. 1 |
||
| 100 | _aKOMBO, SAMUEL NDUBI | ||
| 245 |
_aAN ASSESSMENT OF THE EFFECTS OF EMPLOYEE MORALE ON JOB PERFORMANCE _bA CASE STUDY OF KEBIRIGO TEA FACTORY COMPANY LIMITED |
||
| 260 |
_aKISII _bKSU _c2014 |
||
| 300 | _aIX, 41P.,ILL. | ||
| 500 | _aINCLUDES REFERENCES | ||
| 942 |
_2lcc _cREF |
||
| 999 |
_c215948 _d215948 |
||